| 000 | 00523cam a2200193 4500 | ||
|---|---|---|---|
| 001 | D7246 | ||
| 008 | 090401t1978 xxu||||| |||| 00| 0 eng d | ||
| 035 | _a(Sirsi) u6207 | ||
| 041 | _aeng | ||
| 050 | _a690.16 | ||
| 100 | _aMukhtar, Y.A. | ||
| 245 | _aRoofs in hot dry climates with special reference to Northern Sudan | ||
| 260 |
_aGarston, Watford _bBuilding Research Establishment Overseas _c1978 |
||
| 300 | _a15p. ill. 30cm | ||
| 350 | _a0 | ||
| 490 |
_aBuilding Notes _v182 |
||
| 942 | _n0 | ||
| 948 | _c04/03/1997 | ||
| 999 |
_c86256 _d86256 |
||